000 00751nam a2200229 a 4500
003 DO-SdBNP
005 20220826095526.0
007 ta
008 220825e2021 dr ||||er|||| 001 0dspa d
020 _a9789945098051
040 _aDO-SdBNP
_bspa
_cBNPHU
082 4 _222
_bC298i
245 _aIntentalo de nuevo. /
_cMaikel Carpiadosa
260 _aSan Pedro de Macorís, República Dominicana :
_bokyanusmediagroup,
_c20
300 _a89 p.
_c22 cm.
500 _aIncluye datos biográficos del autor en la contracubierta.
590 _aInventariado 2022/ MF
650 4 _98328
_aVida Cristiana
_xEnseñanza Bíblica
_zRepública Dominicana
650 4 _913110
_aAutoayuda y Superación
_xEnseñanza Bíblica
910 _aMFeliz
942 _2ddc
_cLBS1
999 _c52327
_d52327